| 000 | 00000nam##2200000za#4500 |
| 001 | 9.546084 |
| 003 | CaOODSP |
| 005 | 20210929082752 |
| 007 | ta |
| 008 | 150406|2008||||xxc||||| f|0| 0 eng|d |
| 020 | |a978-0-662-05842-7 |
| 022 | |a1705-5784 |
| 040 | |aCaOODSP|beng |
| 041 | |aeng |
| 041 | |afre |
| 043 | |an-cn--- |
| 086 | 1 |aFo113-1/41-2008 |
| 110 | 1 |aCanada. |bNatural Resources Canada. |bCanadian Forest Service. |
| 245 | 10|aClimate change and forest fires : |bthe temperature's rising! |
| 260 | |aQuébec - Quebec : |bNatural Resources Canada. |c2008. |
| 300 | |aEnglish text, [1]p. : |bphotographs ; |c28 cm. |
| 490 | 1 |aBranching out from the Canadian Forest Service, Laurentian Forestry Centre|x1705-5784|vNo. 41 |
| 563 | |aPamphlet |
| 590 | |a08-38|b2008-09-19 |
| 690 | 07|aClimate change|2gcpds |
| 690 | 07|aForest fires|2gcpds |
| 776 | 0#|tClimate change and forest fires : |w(CaOODSP)9.564239 |
| 776 | 0#|tChangement climatique et feux de forêt : |w(CaOODSP)9.596018 |
| 792 | |tChangement climatique et feux de forêt : |efre|w(CaOODSP)9.546085 |
| 830 | #0|aBranching out from the Canadian Forest Service, Laurentian Forestry Centre,|x1705-5784|vNo. 41|w(CaOODSP)9.510896 |